Región y estado : (Registro nro. 5052)

Detalles MARC
000 -LEADER
fixed length control field 01524nam a2200265Ia 4500
003 - CONTROL NUMBER IDENTIFIER
control field OSt
005 - DATE AND TIME OF LATEST TRANSACTION
control field 20200508122356.0
008 - FIXED-LENGTH DATA ELEMENTS--GENERAL INFORMATION
fixed length control field 191128s1998 ck ad gr 000 0dspa d
040 ## - CATALOGING SOURCE
Original cataloging agency CO-JMCR
Transcribing agency CO-JMCR
041 0# - LANGUAGE CODE
Language code of text/sound track or separate title spa
082 04 - DEWEY DECIMAL CLASSIFICATION NUMBER
Classification number 307.12 /
Item number V529r
100 1# - MAIN ENTRY--PERSONAL NAME
Personal name Vernao de la Rosa, Eduardo,
Relator term autor
9 (RLIN) 4122
245 10 - TITLE STATEMENT
Title Región y estado :
Remainder of title una propuesta para la conformación institucional y financiera de la región en Colombia /
Medium Eduardo Vernao de la Rosa, Walfa Constanza Tellez Duarte, Luis Yesid Sandoval Brito
260 ## - PUBLICATION, DISTRIBUTION, ETC.
Place of publication, distribution, etc. Bogotá :
Name of publisher, distributor, etc. Presidencia de la República,
Date of publication, distribution, etc. 1998
300 ## - PHYSICAL DESCRIPTION
Extent 353 páginas :
Other physical details tablas, gráficos ;
Dimensions 24 cm.
504 ## - BIBLIOGRAPHY, ETC. NOTE
Bibliography, etc. note Incluye bibliografía páginas 345-353.
505 ## - FORMATTED CONTENTS NOTE
Formatted contents note Determinantes de la inversión pública nacional en las regiones de Colombia -- El comportamiento reciente del nivel nacional del Estado -- La presencia del nivel nacional del Estado en las regiones -- Las formas institucionales de presencia nacional
520 ## - SUMMARY, ETC.
Summary, etc. La discusión de una forma institucional para la regional no sólo comprende el tránsito obligado pero insuficiente de los Corpes a la Región Administrativa y de Planificación. Este debate involucra a todas las formas y organizaciones estatales.
650 14 - SUBJECT ADDED ENTRY--TOPICAL TERM
Topical term or geographic name entry element Planificación regional
9 (RLIN) 4123
650 24 - SUBJECT ADDED ENTRY--TOPICAL TERM
Topical term or geographic name entry element Inversiones públicas
9 (RLIN) 2262
650 24 - SUBJECT ADDED ENTRY--TOPICAL TERM
Topical term or geographic name entry element Estado y región
General subdivision Financiamiento regional
9 (RLIN) 4124
700 1# - ADDED ENTRY--PERSONAL NAME
Personal name Tellez Duarte, Walfa Constanza,
Relator term autora
9 (RLIN) 4125
700 1# - ADDED ENTRY--PERSONAL NAME
Personal name Sandoval Brito, Luis Yesid,
Relator term autor
9 (RLIN) 4126
942 ## - ADDED ENTRY ELEMENTS (KOHA)
Source of classification or shelving scheme Dewey Decimal Classification
Koha item type Books
Existencias
Withdrawn status Lost status Source of classification or shelving scheme Materials specified (bound volume or other part) Damaged status Not for loan Home library Current library Shelving location Date acquired Source of acquisition Cost, normal purchase price Total Checkouts Full call number Barcode Date last seen Copy number Price effective from Koha item type
    Dewey Decimal Classification Donación--15/04/2018--     Biblioteca Pública José María del Castillo y Rada Biblioteca Pública José María del Castillo y Rada General Stacks 11/28/2019 Donación 0.00   307.12 / V529r 430001207 05/16/2024 Ej.1 11/28/2019 Books